|
|
|
|
| LEADER |
00000nab a2200000 a 4500 |
| 001 |
vtls000336058 |
| 003 |
SK-MaSNL |
| 005 |
20260303225631.0 |
| 008 |
230223c1988 xo 0 cze |
| 015 |
|
|
|a SNBRB19rr/mm-uuuuu
|
| 035 |
|
|
|a CL0336180
|
| 035 |
|
|
|a urn:nbn:sk:snk-ab6pun
|
| 035 |
|
|
|a (uuid)a7c5eedd-11c1-4a00-b764-73a5342efc13
|
| 035 |
|
|
|a (urnnbn)urn:nbn:sk:snk:ar-005r6p
|
| 035 |
|
|
|a (sysno)vtls000336058
|
| 040 |
|
|
|a SNKBUCL
|b slo
|c SNKBUCL
|e AACR2
|
| 041 |
0 |
|
|a cze
|
| 044 |
|
|
|a xo
|c SK
|
| 080 |
|
|
|a 621.791.05:539.55:620.178.2
|2 1981
|
| 080 |
|
|
|a 539.55
|2 1981
|
| 080 |
|
|
|a 620.178.2
|2 1981
|
| 100 |
1 |
|
|a Šenk, Jiří
|4 aut
|9 9570
|
| 245 |
1 |
0 |
|a Příspěvek k posouzení vrubové houževnatosti teplem ovlivněné zóny svaru
|c Jiří Šenk, Aleš Martinák
|
| 300 |
|
|
|b Graf 1. Sch. 4. Diagr. 1., lit. 9 zázn. v slov., češ.
|
| 650 |
0 |
7 |
|a zvarové spoje
|2 snkbucl
|9 31821
|
| 650 |
0 |
7 |
|a húževnatosť kovov vrubová
|2 snkbucl
|9 1182160
|
| 655 |
|
7 |
|a články z novín a časopisov
|2 snkbucl
|9 267496
|
| 700 |
1 |
|
|a Martinák, Aleš
|4 aut
|9 1262800
|
| 773 |
0 |
|
|t Zváranie
|g Roč. 37, č. 9 (1988), s. 271-274
|
| 850 |
|
|
|a Slovenská národná knižnica v Martine
|a MTA001
|
| 852 |
|
|
|a SNK
|b KIS3GCP
|
| 954 |
|
|
|a odborná, vedecká literatúra pôvodná (slovenská)
|2 lita
|
| 954 |
|
|
|a odborná, vedecká literatúra cudzojazyčná (svetová)
|2 lita
|
| 958 |
|
|
|a OND
|
| 958 |
|
|
|a NB
|
| 958 |
|
|
|a RK
|
| 958 |
|
|
|a CZ
|
| 958 |
|
|
|a EUIPO
|
| 958 |
|
|
|a article
|
| 992 |
|
|
|a RBX
|
| 999 |
|
|
|c 2257713
|d 2259643
|